000 00284nam a2200121Ia 4500
005 20251222141852.0
008 251222s9999||||xx |||||||||||||| ||spa||
082 _a869.569/R68C
100 _aRivera Feijoo, Juan Francisco
245 0 _aCésar Vallejo:
264 _bAmaru
942 _cLIB
999 _c7765
_d7765